000 00387nam a2200157Ia 4500
008 220216s9999 xx 000 0 und d
100 _aBin L
245 0 _aAir drying properties of rubber wood
260 _bChinese Journal of Tropical Crops
_c1984
300 _a73-80
500 _aHORT CD 1973-1988
700 _aDazhi C
700 _aEryu W
700 _aFengmin Z
942 _cBO
999 _c47961
_d47961